Country Flags With Two Colors - Statistics

General Stats
  • This quiz has been taken 59 times
    50 since last reset
  • The average score is 30 of 35
Answer Stats
Picture Answer % Correct
Canada
100%
Japan
100%
Saudi Arabia
100%
Switzerland
100%
China
98%
Poland
98%
Albania
95%
Greece
95%
Finland
93%
Georgia
93%
Nigeria
93%
Sweden
93%
Vietnam
93%
Austria
90%
Bangladesh
90%
Denmark
90%
Turkey
90%
Ukraine
90%
Indonesia
88%
Pakistan
88%
Bahrain
85%
Kazakhstan
85%
North Macedonia
85%
Qatar
85%
Latvia
80%
Honduras
78%
Monaco
78%
Peru
78%
Singapore
78%
Palau
76%
Somalia
76%
Tunisia
73%
Kyrgyzstan
71%
Tonga
71%
F.S.Micronesia
66%
No matching quizzes found
Score Distribution
Percent of People with Each Score
Percentile by Number Answered
Your Score History
You have not taken this quiz since the last reset